000
00307nam a2200109Ia 4500
008
190216s9999||||xx |||||||||||||| ||und||
100
_a
"Anand J, Rekhi Dps, Sarna L & Gupta Lr"
245
0
_a
Engineering Colleges Entrance Examinations
260
_b
Bright Careers
_c
1985
300
_a
1352p
942
_c
REF
999
_c
35708
_d
35708